banner koha

Primeiros estudos citotaxonômicos e distribuição geográfica de Rhynchosia naineckensis Fortunato (Leguminosae) para o estado de Goiás (Registro n. 327968)

MARC details
000 -LÍDER
fixed length control field 02445nab a2200289 i 4500
003 - CÓDIGO MARC DA AGÊNCIA CATALOGADORA
Campo de controle BR-BrBNA
005 - DATA E HORA DA ÚLTIMA ATUALIZAÇÃO
Campo de controle 20241007124357.0
008 - CAMPO DE TAMANHO FIXO
fixed length control field 241007b2003 bl.qr|pooa||| 00| 0 por |
040 ## - FONTE DA CATALOGAÇÃO
Agência catalogadora BR-BrBNA
Idioma da catalogação por
072 ## - CATEGORIA AGRIS
Código AGRIS F70
072 ## - CATEGORIA AGRIS
Código AGRIS F30
100 ## - ENTRADA PRINCIPAL - NOME PESSOAL
Nome pessoal Biondo, Elaine
100 ## - ENTRADA PRINCIPAL - NOME PESSOAL
Nome pessoal Nascimento, André RosalvoTerra
100 ## - ENTRADA PRINCIPAL - NOME PESSOAL
Nome pessoal Miotto, Sílvia Teresinha Sfoggia
100 ## - ENTRADA PRINCIPAL - NOME PESSOAL
Nome pessoal Schifino-Wittmann, Maria Teresa
245 ## - TÍTULO PRINCIPAL
Título principal Primeiros estudos citotaxonômicos e distribuição geográfica de Rhynchosia naineckensis Fortunato (Leguminosae) para o estado de Goiás
500 ## - NOTA GERAL
Nota geral Publicação on-line; 35 ref.; 2 tables; 1 illus.; Summaries (En, Pt)
942 ## - ADDED ENTRY ELEMENTS (KOHA)
Koha item type Analítica
520 ## - NOTA DE RESUMO
Nota de conteúdo <br/><br/>RESUMO<br/><br/><br/>O objetivo deste trabalho foi determinar o número cromossômico e citar nova ocorrência na<br/>distribuição geográfica de Rhynchosia naineckensis Fortunato para o estado de Goiás. Foram<br/>coletados espécimes em três diferentes populações naturais ocorrentes em fragmentos de floresta<br/>decídua, localizados na região nordeste de Goiás, Brasil. A espécie é diplóide com 2n = 2x = 22<br/>cromossomos. Foram observados cromossomos metacêntricos e submetacêntricos e núcleos<br/>interfásicos arreticulados. Rhynchosia naineckensis está sendo citada como primeira ocorrência<br/>para o estado de Goiás.<br/><br/>Palavras-chave: Rhynchosia, cromossomos, núcleo interfásico, distribuição, Leguminosae
520 ## - NOTA DE RESUMO
Nota de conteúdo <br/><br/>ABSTRACT<br/><br/><br/>This work aimed to determine the chromosome number and report a new occurrence in the<br/>geographical distribution of Rhynchosia naineckensis Fortunato to Goias state. Specimen were<br/>collected from three different natural populations from fragments of deciduous forest in Northeast<br/>Goiás. This species is diploid, with 2n=2x=22 chromosomes. Meta and submetacentric chromosomes<br/>and arreticulate interphase nuclei were observed. This is the first citation of Rhynchosia<br/>naineckensis for the state of Goiás.<br/><br/>Keywords: Rhynchosia, chromosomes, interphase nuclei, distribution, Leguminosae
650 ## - ASSUNTO - THESAGRO
Cabeçalho tópico ou nome geográfico CROMOSSOMA
650 ## - ASSUNTO - THESAGRO
Cabeçalho tópico ou nome geográfico LEGUMINOSAE
650 ## - ASSUNTO - THESAGRO
Cabeçalho tópico ou nome geográfico DISTRIBUIÇÃO GEOGRÁFICA
773 0# - ENTRADA ANALÍTICA
Host Biblionumber 709
Registro do item 345123
Imprenta Rio de Janeiro-RJ Jardim Botanico do Rio de Janeiro 1935
Outro identificador 2024-5562
Título Rodriguésia (Brazil)
ISSN 0370-6583; 2175-7860 on-line
Colação v. 54(83) p. 5-11; (2003)
Número de controle de registro BR2024003195
856 ## - ACESSO E ENDEREÇO ELETRÔNICO
Identificador uniforme de recurso - URI https://www.scielo.br/j/rod/a/y9PD6FcnNNDj9shbRmrVwzp/?format=pdf&lang=pt

Nenhum exemplar disponível.

BINAGRI

Telefone: (61)3218-2567/2388/3357/2097 - binagri@agro.gov.br

Ministério da Agricultura e Pecuária , Esplanada dos Ministérios, Bloco D, Anexo B, Brasília/DF, CEP: 70.043-900